000 00770nam a2200229 i 4500
001 80071
003 ES-MaACL
005 20230906174125.0
007 t|
008 041026s1977 sp ||||1| spa d
100 1 _aHeyck, H.
_963518
245 1 3 _aEl dolor de cabeza
_b: diagnóstico diferencial, patogénesis y terapia en la praxis /
_cH. Heyck ; prólogo de H. Krayenbühl ; versión de J. Zarco-Weidner.
250 _a[1ª ed.].
260 _a[Madrid] :
_bAlhambra,
_c[1977]
300 _aXII, 315 p. :
_bil. ;
_c21 cm.
490 1 _aTemas selectos de medicina
700 1 _aKrayenbühl, H.
_968781
700 1 _aZarco-Weidner, J.
_9118068
830 0 _aTemas selectos de medicina
_9231474
852 _aES-MaACL
_jA-6905
_bR.96319
999 _c80071
_d80071